00477nam a2200193 a 4500001001300000003000900013005001700022008004100039020001000080082001300090100002000103245004100123260002300164300000900187500003500196505000800231650002400239700002000263nice12345678IN_TiNIC20260116011438.0050524s1919 lona grp 000 0 eng  ac10000a201bSET aSeth, Smith E K aDon Raimonb a Story of Raymond Lull aLondonbSpckc1919 a123p aincludes index and biblioraphy2 aill aChristian-Biography1 aSeth, Smith E K